| 000 | 00482nam a2200169 a 4500 | ||
|---|---|---|---|
| 005 | 20140412111416.0 | ||
| 008 | 070926s19uu xx 00 eng d | ||
| 020 | _a971-529-042-6 | ||
| 050 |
_aFil 899.211 _bV71 2002 |
||
| 100 | _aVillanueva, Rene | ||
| 245 |
_aSarap pumasok sa paaralan / _cRene O. Villanueva. |
||
| 260 |
_aManila : _bUnicef, _cc2002. |
||
| 300 | _a1 v. : col. ; 26cm. | ||
| 500 | _aFilipino text. | ||
| 650 |
_aChildren's stories _xFilipino |
||
| 999 |
_c105847 _d105847 |
||